000 00989cam a2200277 i 4500
001 20766073
003 OSt
005 20250417103735.0
008 181203s2019 onc b 001 0 eng
010 _a 2018966285
020 _a9781260135909
040 _aDLC
_beng
_erda
_cKCST
042 _apcc
043 _an-cn---
050 0 0 _aKE2730
_b.M37 2019
082 _a349.7102462
_bMa La
100 1 _aMarston, D. L.
_q(Donald L.)
_eauthor
_95653
245 1 0 _aLaw for professional engineers Canadian and global insights /
_cDonald L. Marston, J. D., P. Eng., FEC, B. Sc., FCIArb, arbitrator, mediator, and dispute resolution neutral, Marston International ADR, Toronto, Canada.
250 _a5th
260 _aNew York :
_bMcGraw-Hill Education,
_c2019.
300 _axix, 412 p ages ;
_c24 cm
504 _aIncludes bibliographical references and index.
650 0 _aEngineering law
_zCanada.
_95654
650 0 _aEngineers
_xLegal status, laws, etc.
_zCanada.
_95655
942 _2ddc
_cBK
999 _c798
_d798